<?xml version="1.0" encoding="UTF-8"?>
<record
    xmlns:xsi="http://www.w3.org/2001/XMLSchema-instance"
    xsi:schemaLocation="http://www.loc.gov/MARC21/slim http://www.loc.gov/standards/marcxml/schema/MARC21slim.xsd"
    xmlns="http://www.loc.gov/MARC21/slim">

  <leader>02286nam a2200361   4500</leader>
  <controlfield tag="001">113417</controlfield>
  <controlfield tag="003">DR-UNIBE</controlfield>
  <controlfield tag="005">20250408145943.0</controlfield>
  <controlfield tag="008">250408b2008    dr ||||| |||| 00| 0 spa d</controlfield>
  <datafield tag="020" ind1=" " ind2=" ">
    <subfield code="a">9789945001037</subfield>
  </datafield>
  <datafield tag="040" ind1=" " ind2=" ">
    <subfield code="a">BIBLIOTECA UNIBE</subfield>
    <subfield code="c">BIBLIOTECA UNIBE</subfield>
    <subfield code="b">spa</subfield>
  </datafield>
  <datafield tag="041" ind1=" " ind2=" ">
    <subfield code="a">spa</subfield>
  </datafield>
  <datafield tag="082" ind1=" " ind2=" ">
    <subfield code="2">22</subfield>
    <subfield code="a">RD 345.72930527 P328d</subfield>
  </datafield>
  <datafield tag="100" ind1="1" ind2=" ">
    <subfield code="a">Paulino Baldera, Cristian de Jes&#xFA;s</subfield>
    <subfield code="e">autor</subfield>
    <subfield code="9">194006</subfield>
  </datafield>
  <datafield tag="245" ind1="1" ind2="4">
    <subfield code="a">Las diversas medidas de coerci&#xF3;n y su aplicaci&#xF3;n en el proceso penal /</subfield>
    <subfield code="c">Cristian de Jes&#xFA;s Paulino Baldera</subfield>
  </datafield>
  <datafield tag="260" ind1=" " ind2=" ">
    <subfield code="a">Santo Domingo :</subfield>
    <subfield code="b">Circulo de Estudio Jur&#xED;dico Vegano,</subfield>
    <subfield code="c">2008</subfield>
  </datafield>
  <datafield tag="300" ind1=" " ind2=" ">
    <subfield code="a">387 p&#xE1;ginas ;</subfield>
    <subfield code="c">24 x 16 cm</subfield>
  </datafield>
  <datafield tag="504" ind1=" " ind2=" ">
    <subfield code="a">Incluye referencias bibliogr&#xE1;ficas (p&#xE1;ginas: 384-387) e &#xED;ndice</subfield>
  </datafield>
  <datafield tag="505" ind1="0" ind2=" ">
    <subfield code="a">Dedicatoria |
Presentaci&#xF3;n |
Pr&#xF3;logo |
Introducci&#xF3;n |
Cap&#xED;tulo 1. Concepto y naturaleza jur&#xED;dica de la prisi&#xF3;n preventiva |
Cap&#xED;tulo 2. La prisi&#xF3;n preventiva en el C&#xF3;digo de Procedimiento Criminal de 1884 |
Cap&#xED;tulo 3. Fuente legal de prisi&#xF3;n preventiva en el nuevo C&#xF3;digo Procesal Penal (Ley 76-02) |
Cap&#xED;tulo 4. Principios y condiciones para establecer la prisi&#xF3;n preventiva en el nuevo C&#xF3;digo Procesal Penal |
Cap&#xED;tulo 5. Procedencia de la prisi&#xF3;n preventiva |
Cap&#xED;tulo 6. Duraci&#xF3;n de la prisi&#xF3;n preventiva en la fase preliminar |
Cap&#xED;tulo 7. Procedimiento que acuerda la prisi&#xF3;n preventiva |
Cap&#xED;tulo 8. Medidas alternativas a la prisi&#xF3;n preventiva |
Cap&#xED;tulo 9. Medidas cautelares reales |
Cap&#xED;tulo 10. El arresto |
Cap&#xED;tulo 11. Breve recopilaci&#xF3;n de la jurisprudencias garantistas

</subfield>
  </datafield>
  <datafield tag="650" ind1=" " ind2="7">
    <subfield code="2">lemb</subfield>
    <subfield code="a">Coacci&#xF3;n (Derecho)</subfield>
    <subfield code="z">Rep&#xFA;blica Dominicana</subfield>
    <subfield code="9">194031</subfield>
  </datafield>
  <datafield tag="650" ind1=" " ind2="7">
    <subfield code="2">lemb</subfield>
    <subfield code="a">Detenci&#xF3;n preventiva</subfield>
    <subfield code="z">Rep&#xFA;blica Dominicana</subfield>
    <subfield code="9">194032</subfield>
  </datafield>
  <datafield tag="650" ind1=" " ind2="7">
    <subfield code="2">lemb</subfield>
    <subfield code="a">Procedimiento penal</subfield>
    <subfield code="z">Rep&#xFA;blica Dominicana</subfield>
    <subfield code="9">15663</subfield>
  </datafield>
  <datafield tag="650" ind1=" " ind2="7">
    <subfield code="2">lemb</subfield>
    <subfield code="a">Proceso penal</subfield>
  </datafield>
  <datafield tag="650" ind1=" " ind2="7">
    <subfield code="2">lemb</subfield>
    <subfield code="a">Jurisprudencia penal</subfield>
    <subfield code="9">50252</subfield>
  </datafield>
  <datafield tag="650" ind1=" " ind2="7">
    <subfield code="2">lemb</subfield>
    <subfield code="a">Administraci&#xF3;n de justicia penal</subfield>
  </datafield>
  <datafield tag="650" ind1=" " ind2="7">
    <subfield code="2">lemb</subfield>
    <subfield code="a">Derecho penal</subfield>
  </datafield>
  <datafield tag="650" ind1=" " ind2="7">
    <subfield code="2">lemb</subfield>
    <subfield code="a">Medidas cautelares</subfield>
  </datafield>
  <datafield tag="650" ind1=" " ind2="7">
    <subfield code="2">lemb</subfield>
    <subfield code="a">Recursos provisionales</subfield>
    <subfield code="9">29411</subfield>
  </datafield>
  <datafield tag="700" ind1="1" ind2=" ">
    <subfield code="a">Gonz&#xE1;lez Canahuate, L. Almanzor, </subfield>
    <subfield code="d">1935-</subfield>
    <subfield code="e">editor</subfield>
    <subfield code="9">14808</subfield>
  </datafield>
  <datafield tag="700" ind1="1" ind2=" ">
    <subfield code="a">&#xC1;lvarez Valencia, Hugo</subfield>
    <subfield code="e">prologuista</subfield>
    <subfield code="9">52680</subfield>
  </datafield>
  <datafield tag="700" ind1="1" ind2=" ">
    <subfield code="a">Campos Calder&#xF3;n, J. Federico</subfield>
    <subfield code="e">introducci&#xF3;n</subfield>
    <subfield code="9">194007</subfield>
  </datafield>
  <datafield tag="942" ind1=" " ind2=" ">
    <subfield code="2">ddc</subfield>
    <subfield code="c">BK</subfield>
  </datafield>
  <datafield tag="999" ind1=" " ind2=" ">
    <subfield code="c">113417</subfield>
    <subfield code="d">113417</subfield>
  </datafield>
  <datafield tag="952" ind1=" " ind2=" ">
    <subfield code="0">0</subfield>
    <subfield code="1">0</subfield>
    <subfield code="2">ddc</subfield>
    <subfield code="7">0</subfield>
    <subfield code="8">GEN-RD</subfield>
    <subfield code="a">Principal</subfield>
    <subfield code="d">2025-02-08</subfield>
    <subfield code="l">0</subfield>
    <subfield code="o">RD 345.72930527 P328d</subfield>
    <subfield code="p">250270</subfield>
    <subfield code="r">2025-04-08 15:20:17</subfield>
    <subfield code="t">Ej. 1</subfield>
    <subfield code="w">2025-04-08</subfield>
    <subfield code="y">BK</subfield>
  </datafield>
</record>
